NLSUI OPAC header image

America invents Act 2011 (Record no. 115648)

MARC details
000 -LEADER
fixed length control field 00369nam a22001577a 4500
003 - CONTROL NUMBER IDENTIFIER
control field OSt
005 - DATE AND TIME OF LATEST TRANSACTION
control field 20191025114901.0
008 - FIXED-LENGTH DATA ELEMENTS--GENERAL INFORMATION
fixed length control field 191025b2011 ||||| |||| 00| 0 eng
040 ## - CATALOGING SOURCE
Transcribing agency NLSIU
082 ## - DEWEY DECIMAL CLASSIFICATION NUMBER
Classification number 346.086 AME
245 ## - TITLE STATEMENT
Title America invents Act 2011
260 ## - PUBLICATION, DISTRIBUTION, ETC.
Date of publication, distribution, etc. 2011
300 ## - PHYSICAL DESCRIPTION
Extent 150p
650 ## - SUBJECT ADDED ENTRY--TOPICAL TERM
Geographic subdivision United States Code - Patents
-- Trademark
942 ## - ADDED ENTRY ELEMENTS (KOHA)
Source of classification or shelving scheme Dewey Decimal Classification
Koha item type Repository
Holdings
Withdrawn status Lost status Source of classification or shelving scheme Damaged status Not for loan Home library Current library Shelving location Date acquired Source of acquisition Coded location qualifier Total Checkouts Full call number Barcode Date last seen Price effective from Koha item type
    Dewey Decimal Classification     . .   25.10.2019 Gratis Documentat   346.086 AME REP13464 25.10.2019 25.10.2019 Repository